| 000 | 00414nab a2200145Ia 4500 | ||
|---|---|---|---|
| 003 | ES-SlBCS | ||
| 005 | 20210601132135.0 | ||
| 008 | 140529s1958 xxu||||| |||| 00| 0 ita d | ||
| 041 | _aita | ||
| 100 | 1 |
_aGiardini, Fabio _912580 |
|
| 245 | 0 | 0 |
_aSimilitudine e principio di assimilazione _c Fabio Giardini |
| 650 | 0 | 4 |
_aAsimilación _9192047 |
| 773 | 0 |
_tAngelicum _gvol. 35, 1958, págs. 300-324 _wRev26 |
|
| 942 | _cAR | ||
| 999 |
_c574940 _d574940 |
||